000 00748cam a2200229 a 4500
001 vtls001454260
003 MY-SjTCS
005 20200226121047.0
008 110218s1998 enk 00 0 eng
020 _a007709316X
039 9 _a201209071629
_bizani
_c201102181737
_dVLOAD
_y200407271857
_zVLOAD
082 0 4 _a340.19
_bMEM
100 1 _aMemon, Amina.
_98240
245 1 0 _aPsychology and law :
_btruthfulness accuracy and credibility /
_cAmina Memon, Aldert Vrij and Ray Bull.
260 _aLondon :
_bMcGraw-Hill Pub. Co.,
_cc1998.
300 _axi, 237 p. ;
_c25 cm.
650 0 _aLaw
_xPsychological aspects.
650 0 _aWitnesses
_xPsychology.
700 1 _aBull, Ray.
_994349
700 1 _aVrij, Aldert.
_994350
920 _aADP : 91495
999 _c175787